[Event "Chigorin Memorial 2019"]
[Site "St Petersburg RUS"]
[Date "2019.10.08"]
[Round "4.10"]
[White "Korchmar, Vasiliy"]
[Black "Burmakin, Vladimir"]
[Result "1/2-1/2"]
[WhiteTitle "IM"]
[BlackTitle "GM"]
[WhiteElo "2432"]
[BlackElo "2496"]
[WhiteFideId "24131750"]
[BlackFideId "4105109"]
[EventDate "2019.10.05"]

1. d4 Nf6 2. c4 c6 3. Nf3 d5 4. Nc3 a6 5. c5 Nbd7 6. Bf4 Nh5 7. Bd2 Nhf6 8. Bf4
Nh5 9. Bd2 Nhf6 10. Rc1 g6 11. g3 Bg7 12. Bg2 O-O 13. O-O Ne8 14. e4 dxe4 15.
Nxe4 Ndf6 16. Nc3 Nc7 17. Re1 Bg4 18. h3 Bxf3 19. Bxf3 Qd7 20. Bg2 Rfe8 21. Qb3
Nfd5 22. Qc4 Rad8 23. Rcd1 Nb5 24. Bc1 Ndc7 25. Ne2 Nxd4 26. Nxd4 Bxd4 27. Qb4
e5 28. Qxb7 Re6 29. Bg5 Nd5 30. Qb3 Rde8 31. Be3 Bxe3 32. Rxe3 e4 33. Re2 Qe7
34. Qc4 a5 35. Rde1 Nf6 36. a3 h5 37. Re3 Re5 38. b4 axb4 39. axb4 Re6 40. Kh1
Kh7 41. Kg1 1/2-1/2

[Event "Chigorin Memorial 2019"]
[Site "St Petersburg RUS"]
[Date "2019.10.08"]
[Round "4.11"]
[White "Gubajdullin, Alexei"]
[Black "Petrosyan, Manuel"]
[Result "0-1"]
[WhiteTitle "FM"]
[BlackTitle "GM"]
[WhiteElo "2345"]
[BlackElo "2613"]
[WhiteFideId "4141202"]
[BlackFideId "13300857"]
[EventDate "2019.10.05"]

1. d4 Nf6 2. Bf4 g6 3. e3 Bg7 4. Nf3 d6 5. Be2 O-O 6. O-O Nh5 7. Bg5 h6 8. Bh4
f5 9. Bc4+ Kh8 10. Nc3 c6 11. d5 b5 12. Bb3 b4 13. Ne2 g5 14. Bxg5 hxg5 15. Nxg5
e5 16. f4 exf4 17. exf4 c5 18. Ne6 Bxe6 19. dxe6 Nc6 20. Rf3 Rf6 21. Rd3 Rh6 22.
Rxd6 Bd4+ 23. Nxd4 Qxd6 24. Nxf5 Qxd1+ 25. Rxd1 Rf6 26. Bd5 Rd8 27. e7 Nxe7 28.
Nxe7 Nxf4 29. g3 Nxd5 30. Rxd5 Rxd5 31. Nxd5 Ra6 32. b3 Rxa2 0-1

[Event "Chigorin Memorial 2019"]
[Site "St Petersburg RUS"]
[Date "2019.10.08"]
[Round "4.12"]
[White "Ter-Sahakyan, Samvel"]
[Black "Sawlin, Leonid"]
[Result "1/2-1/2"]
[WhiteTitle "GM"]
[BlackTitle "FM"]
[WhiteElo "2623"]
[BlackElo "2395"]
[WhiteFideId "13302531"]
[BlackFideId "4689542"]
[EventDate "2019.10.05"]

1. e4 c6 2. d4 d5 3. e5 Bf5 4. Nf3 e6 5. Be2 c5 6. c3 Nc6 7. O-O h6 8. Be3 cxd4
9. cxd4 Nge7 10. Nc3 Bh7 11. Rc1 Nf5 12. Qb3 Rb8 13. Na4 a6 14. Qd1 Rc8 15. Qb3
Rb8 16. Qb6 Be7 17. Qxd8+ Bxd8 18. Nc5 Nfe7 19. Nd2 Bb6 20. Ndb3 Na5 21. Nxa5
Bxa5 22. g4 Bb6 23. b4 Bxc5 24. Rxc5 Kd7 25. a4 Rhc8 26. b5 Rxc5 27. dxc5 axb5
28. axb5 Ra8 29. Rc1 Ra2 30. Kf1 Bc2 31. f4 Kc7 32. h3 Be4 33. Ke1 Ra3 34. Kd2
d4 35. Bxd4 Nd5 36. c6 b6 37. Ra1 Rxa1 38. Bxa1 Bg2 39. f5 exf5 40. gxf5 Bxh3
41. Bc4 Bg2 42. Bd4 h5 43. Bf2 f6 44. Be3 Kd8 1/2-1/2

[Event "Chigorin Memorial 2019"]
[Site "St Petersburg RUS"]
[Date "2019.10.08"]
[Round "4.14"]
[White "Kryakvin, Dmitry"]
[Black "Duzhakov, Ilya"]
[Result "1-0"]
[WhiteTitle "GM"]
[BlackTitle "IM"]
[WhiteElo "2610"]
[BlackElo "2401"]
[WhiteFideId "4153278"]
[BlackFideId "4192516"]
[EventDate "2019.10.05"]

1. Nf3 Nf6 2. e3 g6 3. b4 Bg7 4. Bb2 d5 5. c4 c6 6. Na3 O-O 7. Be2 Bg4 8. h3
Bxf3 9. Bxf3 a5 10. b5 dxc4 11. bxc6 Nxc6 12. Nxc4 Rc8 13. O-O Nb4 14. Ne5 Nd7
15. Nxd7 Qxd7 16. Bxg7 Kxg7 17. d4 Rc3 18. a3 Nc2 19. Qd2 Rfc8 20. Rfc1 R3c7 21.
Bxb7 Nxa1 22. Bxc8 Qxc8 23. Rxa1 a4 24. Qb4 Qa6 25. Rb1 Qd3 26. Rf1 Qc4 27. Qb8
Qc2 28. Rb1 Rd7 29. Qe5+ f6 30. Qb5 Rd5 31. Qb7 Kf8 32. Rb2 Qc1+ 33. Kh2 Rd6 34.
Qa8+ Kf7 35. Rb4 Qxa3 36. Rxa4 Qb3 37. Ra7 Qb6 38. Rb7 Qc6 39. Qa7 Re6 40. Rd7
Ke8 41. Rc7 Qd6+ 42. g3 Qd5 43. Qb8+ Kf7 44. Qh8 Qh5 45. h4 1-0

[Event "Chigorin Memorial 2019"]
[Site "St Petersburg RUS"]
[Date "2019.10.08"]
[Round "4.15"]
[White "Kovalchuk, Alexey"]
[Black "Rozum, Ivan"]
[Result "1/2-1/2"]
[BlackTitle "GM"]
[WhiteElo "2389"]
[BlackElo "2596"]
[WhiteFideId "24154385"]
[BlackFideId "24104272"]
[EventDate "2019.10.05"]

1. e4 c5 2. Nf3 e6 3. g3 Nc6 4. Bg2 Nf6 5. Qe2 e5 6. c3 Be7 7. O-O O-O 8. Na3
Re8 9. d3 h6 10. Nc4 Bf8 11. a4 b6 12. Ne3 Bb7 13. Nd2 Na5 14. Nd5 Rc8 15. Nxf6+
Qxf6 16. b3 Rcd8 17. c4 Nc6 18. Nf3 Qe7 19. Rb1 g6 20. Qd1 Bg7 21. Ne1 Nd4 22.
Nc2 f5 23. Nxd4 cxd4 24. Re1 Qf7 25. Bd2 Rf8 26. f3 h5 27. Qe2 f4 28. gxf4 exf4
29. Bh3 Be5 30. Kh1 Kh8 31. Rg1 Qf6 32. Qf2 Rg8 33. Rg2 g5 34. Bf5 d5 35. cxd5
Bxd5 36. b4 Rg7 37. Rbg1 Rdg8 38. h4 gxh4 39. Rxg7 Rxg7 40. Rxg7 Kxg7 41. Be1
Bb3 42. a5 Qg5 43. axb6 axb6 44. Qd2 Kf8 45. Qc1 Qe7 46. Qc8+ Kg7 47. Qc6 Qd6
48. Qe8 Bf7 49. Qc8 Qc7 50. Bxh4 Qxc8 51. Bxc8 Bf6 52. Bf2 Be8 53. Ba6 Bd7 54.
Bc4 Kg6 55. Kh2 Kg5 56. b5 Kg6 57. Be1 Be7 58. Bf2 Bf6 59. Be1 Be7 60. Bf2 Bf6 1/2-1/2

[Event "Chigorin Memorial 2019"]
[Site "St Petersburg RUS"]
[Date "2019.10.08"]
[Round "4.16"]
[White "Gareyev, Timur"]
[Black "Suleymenov, Alisher"]
[Result "1/2-1/2"]
[WhiteTitle "GM"]
[BlackTitle "IM"]
[WhiteElo "2597"]
[BlackElo "2370"]
[WhiteFideId "14200937"]
[BlackFideId "13707833"]
[EventDate "2019.10.05"]

1. Nf3 c5 2. c3 Nf6 3. d4 b6 4. dxc5 bxc5 5. e4 Bb7 6. e5 Nd5 7. Bd3 e6 8. O-O
Be7 9. Be4 Qc8 10. Re1 f5 11. exf6 Nxf6 12. Bxb7 Qxb7 13. Na3 O-O 14. Nc4 Nc6
15. Qe2 Kh8 16. Bf4 Nd5 17. Bg3 Rf5 18. Rad1 Raf8 19. Qc2 Nf4 1/2-1/2

[Event "Chigorin Memorial 2019"]
[Site "St Petersburg RUS"]
[Date "2019.10.08"]
[Round "4.17"]
[White "Aleksandrov, Aleksej"]
[Black "Smirnov, Timofey"]
[Result "1/2-1/2"]
[WhiteTitle "GM"]
[BlackTitle "FM"]
[WhiteElo "2577"]
[BlackElo "2354"]
[WhiteFideId "13500139"]
[BlackFideId "24176427"]
[EventDate "2019.10.05"]

1. c4 c6 2. Nf3 d5 3. e3 Bg4 4. Qb3 Qc7 5. Ne5 Be6 6. d4 Nd7 7. Nxd7 Bxd7 8. Nc3
e6 9. Bd2 Nf6 10. Rc1 Rc8 11. Bd3 Be7 12. O-O O-O 13. f3 Bd6 14. Kh1 dxc4 15.
Bxc4 a6 16. e4 b5 17. Bd3 c5 18. e5 c4 19. Qd1 cxd3 20. exf6 Qd8 21. Ne4 Bc6 22.
Bg5 Re8 23. fxg7 Be7 24. Bxe7 Rxe7 25. Qxd3 Rd7 26. Rfd1 Bxe4 27. Rxc8 Bxd3 28.
Rxd8+ Rxd8 29. Rxd3 Rc8 30. Rc3 Rd8 31. Rd3 Rc8 32. h3 Rc2 33. Rb3 h5 34. Rb4
Kxg7 35. a3 Kf6 36. b3 Rb2 37. Kh2 h4 38. a4 bxa4 39. Rxa4 Rxb3 40. Rxa6 Rd3 1/2-1/2

[Event "Chigorin Memorial 2019"]
[Site "St Petersburg RUS"]
[Date "2019.10.08"]
[Round "4.18"]
[White "Padmini, Rout"]
[Black "Moroni, Luca Jr"]
[Result "1/2-1/2"]
[WhiteTitle "IM"]
[BlackTitle "GM"]
[WhiteElo "2394"]
[BlackElo "2553"]
[WhiteFideId "5029295"]
[BlackFideId "865834"]
[EventDate "2019.10.05"]

1. e4 e5 2. Nf3 Nc6 3. Bb5 g6 4. O-O Bg7 5. c3 a6 6. Bc4 b5 7. Bb3 Nge7 8. d4
exd4 9. cxd4 d6 10. h3 O-O 11. d5 Na5 12. Bd2 Nxb3 13. Qxb3 c5 14. dxc6 Be6 15.
Qc2 Rc8 16. Bc3 Nxc6 17. Bxg7 Kxg7 18. Nc3 Ne5 19. Nxe5 dxe5 20. Rfd1 Qb6 21.
Qe2 Rfd8 22. Rxd8 Rxd8 23. Rd1 Rd4 24. a3 Bc4 25. Qf3 a5 26. Nd5 Rxd1+ 27. Qxd1
Qd4 28. Nc3 Bd3 29. Qb3 b4 30. axb4 axb4 31. Nd5 Qxe4 32. Nxb4 Qe1+ 33. Kh2 Bf1
34. Qc3 Qxc3 35. bxc3 1/2-1/2

[Event "Chigorin Memorial 2019"]
[Site "St Petersburg RUS"]
[Date "2019.10.08"]
[Round "4.19"]
[White "Nie, Xinyang"]
[Black "Iljiushenok, Ilia"]
[Result "0-1"]
[BlackTitle "GM"]
[WhiteElo "2366"]
[BlackElo "2540"]
[WhiteFideId "8607222"]
[BlackFideId "24105074"]
[EventDate "2019.10.05"]

1. d4 Nf6 2. Nf3 c5 3. e3 g6 4. Be2 Bg7 5. O-O O-O 6. d5 e6 7. c4 b5 8. dxe6
fxe6 9. cxb5 Bb7 10. Nc3 Qc8 11. Qc2 d5 12. b3 Nbd7 13. Ba3 0-1

[Event "Chigorin Memorial 2019"]
[Site "St Petersburg RUS"]
[Date "2019.10.08"]
[Round "4.21"]
[White "Afanasiev, Nikita"]
[Black "Al Hosani, Omran"]
[Result "1-0"]
[WhiteTitle "IM"]
[BlackTitle "FM"]
[WhiteElo "2520"]
[BlackElo "2289"]
[WhiteFideId "24183555"]
[BlackFideId "9308733"]
[EventDate "2019.10.05"]

1. c4 Nf6 2. Nf3 g6 3. Nc3 Bg7 4. g3 d5 5. d4 O-O 6. Bg2 c5 7. dxc5 Qa5 8. Qa4
Qxc5 9. Be3 Qxc4 10. Qxc4 dxc4 11. Nd2 Nc6 12. Nxc4 Be6 13. Bxc6 bxc6 14. Na5
Nd5 15. Bd2 Nxc3 16. Bxc3 Bxc3+ 17. bxc3 Rfc8 18. Kd2 Rab8 19. Rhb1 Rb5 20. Rxb5
cxb5 21. a4 a6 22. axb5 axb5 23. Rb1 Rc5 24. e4 f5 25. Nb7 Re5 26. f4 Rxe4 27.
Nc5 Ba2 28. Rxb5 Re2+ 29. Kxe2 Bc4+ 30. Ke3 Bxb5 31. Kd4 Kf7 32. c4 Bc6 33. Ke5
h6 34. Ne6 Be4 35. Nc7 g5 36. c5 gxf4 37. gxf4 Kg6 38. Nd5 Kf7 39. c6 Ke8 40. c7
Kd7 41. Nxe7 Kxc7 42. Nxf5 1-0

[Event "Chigorin Memorial 2019"]
[Site "St Petersburg RUS"]
[Date "2019.10.08"]
[Round "4.22"]
[White "Obgolts, Erik"]
[Black "Triapishko, Alexandr"]
[Result "1/2-1/2"]
[WhiteTitle "FM"]
[BlackTitle "IM"]
[WhiteElo "2352"]
[BlackElo "2514"]
[WhiteFideId "24199044"]
[BlackFideId "14122286"]
[EventDate "2019.10.05"]

1. e4 c5 2. Nf3 d6 3. Bb5+ Bd7 4. c4 e5 5. Bxd7+ Nxd7 6. Nc3 g6 7. d3 Bh6 8.
Bxh6 Nxh6 9. Qd2 Ng4 10. a3 Ngf6 11. O-O O-O 12. b4 b6 13. Rab1 Kg7 14. bxc5
Nxc5 15. Rfe1 Re8 16. d4 exd4 17. Qxd4 Ne6 18. Qd2 Nc5 19. Qd4 Ne6 20. Qd2 Nc5
21. Qd4 Ne6 1/2-1/2

[Event "Chigorin Memorial 2019"]
[Site "St Petersburg RUS"]
[Date "2019.10.08"]
[Round "4.23"]
[White "Khegay, Dmitriy"]
[Black "Saidov, Bilukhadzh"]
[Result "1-0"]
[WhiteTitle "IM"]
[BlackTitle "FM"]
[WhiteElo "2509"]
[BlackElo "2260"]
[WhiteFideId "24153729"]
[BlackFideId "34165476"]
[EventDate "2019.10.05"]

1. e4 c5 2. Nf3 e6 3. c3 Nf6 4. e5 Nd5 5. g3 d6 6. exd6 Bxd6 7. Bg2 O-O 8. O-O
Nc6 9. d4 c4 10. Nfd2 Nb6 11. Qe2 Qc7 12. b3 Na5 13. b4 Nc6 14. Na3 Bd7 15. Nb5
Qb8 16. Nxc4 Nxc4 17. Qxc4 Rc8 18. Nxd6 Qxd6 19. Qc5 Qc7 20. Bf4 Qd8 21. Qd6 Qe8
22. c4 Rd8 23. b5 Ne7 24. Qb4 Ng6 25. Bc7 1-0

[Event "Chigorin Memorial 2019"]
[Site "St Petersburg RUS"]
[Date "2019.10.08"]
[Round "4.24"]
[White "Nandhidhaa, P V"]
[Black "Gagare, Shardul"]
[Result "0-1"]
[WhiteTitle "WIM"]
[BlackTitle "GM"]
[WhiteElo "2348"]
[BlackElo "2474"]
[WhiteFideId "5050847"]
[BlackFideId "5037883"]
[EventDate "2019.10.05"]

1. e4 e6 2. d4 d5 3. Nc3 Nf6 4. e5 Nfd7 5. Nce2 c5 6. c3 Nc6 7. Nf3 Be7 8. a3
O-O 9. Nf4 c4 10. g3 Re8 11. Bg2 Bf8 12. h4 f6 13. exf6 Nxf6 14. O-O e5 15. Nxe5
Nxe5 16. dxe5 Rxe5 17. Qd4 Qd6 18. Ng6 Re8 19. Bf4 Qc5 20. Nxf8 Qxd4 21. cxd4
Kxf8 22. Be5 Be6 23. f3 b5 24. g4 a5 25. g5 Nd7 26. f4 Nxe5 27. dxe5 g6 28. Rfd1
Red8 29. Kf2 Rac8 30. Rd4 Rc5 31. Ke3 b4 32. axb4 axb4 33. Kd2 c3+ 34. bxc3
bxc3+ 35. Kc1 Rb8 36. Bf1 Rb2 37. Bd3 Rg2 38. Ra8+ Ke7 39. Ra7+ Kd8 40. Bc2 Rc4
41. Rxc4 dxc4 42. Be4 Re2 43. Ra6 Bd7 44. Bd5 Bf5 45. Rd6+ Ke7 46. Bxc4 Rc2+ 47.
Kd1 Rb2 48. Bd3 Rd2+ 0-1

[Event "Chigorin Memorial 2019"]
[Site "St Petersburg RUS"]
[Date "2019.10.08"]
[Round "4.25"]
[White "Goltsev, Dmitry"]
[Black "Vogel, Roven"]
[Result "0-1"]
[WhiteTitle "FM"]
[BlackTitle "IM"]
[WhiteElo "2309"]
[BlackElo "2465"]
[WhiteFideId "24176710"]
[BlackFideId "12908088"]
[EventDate "2019.10.05"]

1. Nf3 Nf6 2. g3 g6 3. Bg2 Bg7 4. O-O O-O 5. d3 d5 6. Nbd2 c5 7. Re1 Nc6 8. e4
b6 9. c3 e5 10. exd5 Nxd5 11. Nc4 Bg4 12. h3 Bxf3 13. Qxf3 Nde7 14. Qe2 Qd7 15.
Be3 Nd5 16. Rad1 Nxe3 17. Qxe3 Rae8 18. f4 Re6 19. Qf3 Rfe8 20. f5 gxf5 21. Qxf5
Ne7 22. Qh5 Qc8 23. Nxe5 Ng6 24. Nf3 Rxe1+ 25. Rxe1 Rxe1+ 26. Nxe1 Qe6 27. Kf1
Be5 28. Qf3 Qxa2 29. Qf2 Qe6 30. Qf3 b5 31. Kf2 b4 32. d4 bxc3 33. bxc3 cxd4 34.
cxd4 Bxd4+ 35. Kf1 a5 36. Nc2 Bc5 37. h4 a4 38. h5 Ne5 39. Qa8+ Kg7 40. Qxa4
Qf6+ 41. Ke2 Qf2+ 42. Kd1 Qxg2 43. h6+ Kg6 44. Qe8 Qd5+ 0-1

[Event "Chigorin Memorial 2019"]
[Site "St Petersburg RUS"]
[Date "2019.10.08"]
[Round "4.26"]
[White "Bulavin, Alexander"]
[Black "Bryakin, Mikhail"]
[Result "1/2-1/2"]
[WhiteTitle "FM"]
[BlackTitle "FM"]
[WhiteElo "2256"]
[BlackElo "2436"]
[WhiteFideId "4178033"]
[BlackFideId "4165314"]
[EventDate "2019.10.05"]

1. Nf3 d5 2. e3 Nf6 3. b4 g6 4. Bb2 Bg7 5. Be2 O-O 6. O-O Nbd7 7. c4 c5 8. bxc5
Nxc5 9. cxd5 Nxd5 10. Bxg7 Kxg7 11. Qc1 b6 12. Qb2+ Nf6 13. d4 Nce4 14. Nbd2 Bb7
15. a4 Rb8 16. a5 b5 17. a6 Ba8 18. Nxe4 Nxe4 19. Qb4 Qd6 20. Rfb1 Rfc8 21. Qxd6
Nxd6 22. Ne5 Rc7 23. Bf3 Bxf3 24. gxf3 Nc4 25. Rc1 Rbc8 26. Nd3 Kf8 27. Kg2 Ke8
28. Rcb1 Rb8 29. Nc5 Rb6 30. Rb4 e5 31. Nb3 exd4 32. Nxd4 Nd6 33. e4 Rc4 34.
Rab1 Rxb4 35. Rxb4 Rxa6 36. Nxb5 Nxb5 37. Rxb5 Rb6 38. Ra5 a6 39. f4 Kd7 40. f5
Rf6 41. fxg6 hxg6 42. e5 Rc6 43. Kg3 Kc7 44. Kg4 Kb6 45. Ra1 Rc2 46. Kg3 a5 47.
f4 Rc6 48. Kg4 Kb5 49. Rb1+ Ka6 50. Ra1 Kb6 51. h4 Rc4 52. Kg5 Re4 53. Rb1+ Kc6
54. Rc1+ Kd7 55. Rc5 a4 56. Ra5 Ke7 57. f5 gxf5 58. h5 Re1 1/2-1/2

[Event "Chigorin Memorial 2019"]
[Site "St Petersburg RUS"]
[Date "2019.10.08"]
[Round "4.27"]
[White "Dimitrova, Aleksandra"]
[Black "Kardashevskiy, Evgeny"]
[Result "0-1"]
[WhiteTitle "WIM"]
[BlackTitle "FM"]
[WhiteElo "2241"]
[BlackElo "2428"]
[WhiteFideId "24173371"]
[BlackFideId "24108138"]
[EventDate "2019.10.05"]

1. e4 e5 2. Nf3 Nf6 3. d4 Nxe4 4. Bd3 d5 5. dxe5 Be7 6. O-O Nc5 7. Be2 O-O 8.
Be3 c6 9. c4 dxc4 10. Qxd8 Rxd8 11. Bxc4 Bf5 12. Bxc5 Bxc5 13. Ng5 Kf8 14. Nxf7
Rd4 15. Bb3 Rb4 16. e6 a5 17. Rc1 Be7 18. Nc3 a4 19. Bc2 Bxe6 20. Ne5 Bf6 0-1

[Event "Chigorin Memorial 2019"]
[Site "St Petersburg RUS"]
[Date "2019.10.08"]
[Round "4.28"]
[White "Vlasenko, Miroslav"]
[Black "Shkurkin, Andrey"]
[Result "1-0"]
[WhiteTitle "IM"]
[BlackTitle "FM"]
[WhiteElo "2430"]
[BlackElo "2184"]
[WhiteFideId "4151887"]
[BlackFideId "34179647"]
[EventDate "2019.10.05"]

1. d4 Nf6 2. c4 c5 3. d5 b5 4. Nf3 g6 5. cxb5 a6 6. b6 Bg7 7. Nc3 O-O 8. a4 Qxb6
9. a5 Qb7 10. e4 d6 11. h3 Nbd7 12. Bc4 Ne8 13. O-O Nc7 14. Qe2 Rb8 15. Rd1 Nb5
16. Na4 Qc7 17. Bd2 Qd8 18. Ra2 f5 19. exf5 Rxf5 20. Bd3 Rf8 21. Rf1 Ne5 22.
Nxe5 Nd4 23. Qd1 Bxe5 24. f4 Bg7 25. Nb6 Nf5 26. Bxf5 Rxf5 27. Bc3 Qf8 28. Ra4
Bh6 29. Qe2 e5 30. dxe6 Qe7 31. g4 Rxb6 32. axb6 Rf8 33. f5 1-0

[Event "Chigorin Memorial 2019"]
[Site "St Petersburg RUS"]
[Date "2019.10.08"]
[Round "4.29"]
[White "Ivanov, Sergei V."]
[Black "Smirnov, Artem"]
[Result "1/2-1/2"]
[BlackTitle "IM"]
[WhiteElo "2134"]
[BlackElo "2416"]
[WhiteFideId "24170003"]
[BlackFideId "4143256"]
[EventDate "2019.10.05"]

1. e4 c5 2. Nf3 Nc6 3. d4 cxd4 4. Nxd4 e6 5. Nc3 Qc7 6. g3 a6 7. Bg2 h5 8. h3 h4
9. g4 Bc5 10. Nf3 Nge7 11. Bg5 Ng6 12. Qd2 f6 13. Be3 Bxe3 14. Qxe3 Qf4 15. Qxf4
Nxf4 16. O-O b5 17. Rfe1 Ne5 18. Kh2 Bb7 1/2-1/2

[Event "Chigorin Memorial 2019"]
[Site "St Petersburg RUS"]
[Date "2019.10.08"]
[Round "4.30"]
[White "Mochalin, Faddey"]
[Black "Volkov, Sergey"]
[Result "0-1"]
[BlackTitle "GM"]
[WhiteElo "2173"]
[BlackElo "2557"]
[WhiteFideId "34147290"]
[BlackFideId "4122763"]
[EventDate "2019.10.05"]

1. d4 d5 2. c4 c6 3. Nc3 dxc4 4. e3 b5 5. a4 b4 6. Ne4 Qd5 7. Nd2 Ba6 8. Qc2 c3
9. bxc3 Bxf1 10. Kxf1 e5 11. c4 Qe6 12. Bb2 Nd7 13. Ngf3 f6 14. Ne4 Be7 15. h4
Nb6 16. Ned2 exd4 17. exd4 a5 18. Rh3 Nh6 19. Re1 Qd7 20. Ng5 fxg5 21. hxg5 Nf5
22. g4 O-O 23. gxf5 Bxg5 24. c5 Bxd2 25. Qxd2 Qxf5 26. Rg3 Nd5 27. Re5 Qf6 28.
Qe2 Ra7 29. Re6 Qf5 30. Rxc6 0-1

[Event "Chigorin Memorial 2019"]
[Site "St Petersburg RUS"]
[Date "2019.10.08"]
[Round "4.31"]
[White "Goganov, Aleksey"]
[Black "Odegov, Artem"]
[Result "1/2-1/2"]
[WhiteTitle "GM"]
[WhiteElo "2566"]
[BlackElo "2183"]
[WhiteFideId "24109959"]
[BlackFideId "34183644"]
[EventDate "2019.10.05"]

1. d4 Nf6 2. c4 e6 3. Nf3 a6 4. Nc3 d5 5. cxd5 exd5 6. Bg5 Be6 7. e3 Nbd7 8. h3
Bd6 9. Bd3 c6 10. O-O Qc7 11. Qd2 h6 12. Bf4 g5 13. Bxd6 Qxd6 14. e4 dxe4 15.
Bxe4 Rg8 16. Rfe1 O-O-O 17. Qc2 Nxe4 18. Nxe4 Qf4 19. Ng3 Nf6 20. a4 g4 21. hxg4
Bxg4 22. Ne5 Be6 23. Nxc6 bxc6 24. Qxc6+ Qc7 25. Qxa6+ Qb7 26. Rxe6 fxe6 27.
Qxe6+ Nd7 28. a5 Kb8 29. Qxh6 Qxb2 30. Rc1 Nf6 31. Qf4+ Ka8 32. Rc6 Nd5 33. Qe5
Rxg3 34. fxg3 1/2-1/2

[Event "Chigorin Memorial 2019"]
[Site "St Petersburg RUS"]
[Date "2019.10.08"]
[Round "4.33"]
[White "Perov, German"]
[Black "Levin, Evgeny A."]
[Result "0-1"]
[BlackTitle "GM"]
[WhiteElo "2177"]
[BlackElo "2511"]
[WhiteFideId "44111410"]
[BlackFideId "4182596"]
[EventDate "2019.10.05"]

1. e4 e6 2. d4 d5 3. Nc3 Nf6 4. e5 Nfd7 5. Nce2 c5 6. c3 Nc6 7. Nf3 Qb6 8. a3
cxd4 9. cxd4 Na5 10. b4 Nc4 11. Nc3 Qc6 12. Qb3 b5 13. a4 bxa4 14. Rxa4 Ndb6 15.
Ra2 a5 16. b5 Qc7 17. Bd3 Bb4 18. O-O Bd7 19. Rc2 h6 20. Na2 Bxb5 21. Nxb4 Ba4
22. Nxd5 exd5 23. Qb1 Bxc2 24. Qxc2 Qd8 25. g3 a4 26. e6 O-O 27. Nh4 fxe6 28.
Bh7+ Kh8 29. Ng6+ Kxh7 30. Nxf8+ Kg8 31. Nxe6 Qf6 32. Nf4 Qf7 33. Rd1 0-1

[Event "Chigorin Memorial 2019"]
[Site "St Petersburg RUS"]
[Date "2019.10.08"]
[Round "4.34"]
[White "Mikaelyan, Arman"]
[Black "Yurasova, Daria"]
[Result "1-0"]
[WhiteTitle "GM"]
[WhiteElo "2479"]
[BlackElo "2168"]
[WhiteFideId "13304852"]
[BlackFideId "34146919"]
[EventDate "2019.10.05"]

1. c4 Nf6 2. Nf3 c6 3. d4 d5 4. e3 e6 5. b3 Be7 6. Bb2 Nbd7 7. Nc3 O-O 8. Qc2 b6
9. Bd3 Bb7 10. O-O Rc8 11. Rad1 Qc7 12. e4 dxe4 13. Nxe4 Nxe4 14. Bxe4 Nf6 15.
Bd3 c5 16. d5 exd5 17. Be5 Qc6 18. cxd5 Nxd5 19. Bxh7+ Kh8 20. Bf5 Rcd8 21. Qe4
Qh6 22. Bc7 Nxc7 23. Qxb7 Qf4 24. Bd7 Rb8 25. Qxa7 Bf6 26. Rd3 Rfd8 27. Rfd1 Ne6
28. g3 Qe4 29. Bxe6 Qxe6 30. Rd6 Ra8 31. Rxd8+ Rxd8 32. Rxd8+ Bxd8 33. Qa8 Qe7
34. h4 g6 35. Qd5 Bc7 36. h5 Kg7 37. hxg6 fxg6 38. Kg2 Qf7 39. Qc6 Bd8 40. Ne5
Qf6 41. Qd7+ Qe7 42. Qxe7+ Bxe7 43. Kf3 b5 44. Ke4 Kf6 45. Kd5 Kf5 46. g4+ Kg5
47. f4+ Kf6 48. Nd7+ Kf7 49. Nxc5 1-0

[Event "Chigorin Memorial 2019"]
[Site "St Petersburg RUS"]
[Date "2019.10.08"]
[Round "4.35"]
[White "Bodnaruk, Anastasia"]
[Black "Palin, Denis"]
[Result "0-1"]
[WhiteTitle "IM"]
[WhiteElo "2415"]
[BlackElo "2164"]
[WhiteFideId "4181751"]
[BlackFideId "4118200"]
[EventDate "2019.10.05"]

1. e4 e6 2. d4 d5 3. e5 c5 4. c3 Nc6 5. Nf3 Nge7 6. Na3 cxd4 7. cxd4 Nf5 8. Nc2
Nb4 9. Bd2 Nxc2+ 10. Qxc2 Bd7 11. Qb3 Qb6 12. Be3 Be7 13. g3 O-O 14. Bd3 Rfc8 0-1

[Event "Chigorin Memorial 2019"]
[Site "St Petersburg RUS"]
[Date "2019.10.08"]
[Round "4.36"]
[White "Shubin, Kirill"]
[Black "Sinitsina, Anastassia"]
[Result "1-0"]
[WhiteTitle "IM"]
[BlackTitle "WFM"]
[WhiteElo "2416"]
[BlackElo "2163"]
[WhiteFideId "34119962"]
[BlackFideId "4504640"]
[EventDate "2019.10.05"]

1. e4 e5 2. Nf3 Nc6 3. Bb5 a6 4. Ba4 Nf6 5. O-O Nxe4 6. d4 b5 7. Bb3 d5 8. dxe5
Be6 9. Nbd2 Nc5 10. c3 Be7 11. Bc2 d4 12. cxd4 Nxd4 13. Nxd4 Qxd4 14. Nf3 Qxd1
15. Rxd1 Bg4 16. h3 Bxf3 17. gxf3 O-O 18. f4 Rad8 19. Be3 Nd7 20. Rac1 Nb6 21.
Rxd8 Bxd8 22. Be4 Nc4 23. Bc5 Re8 24. b3 Nb6 25. Bb7 a5 26. Bc6 Re6 27. Bxb5 g5
28. Rd1 Be7 29. Be3 gxf4 30. Bxf4 c6 31. Bd3 Nd5 32. Bg3 Nc3 33. Rd2 Bb4 34. Rc2
Nd5 35. Bf5 Rh6 36. Rc4 Ne7 37. Bd7 c5 38. Re4 Kf8 39. Rf4 Nd5 40. Rf3 Ke7 41.
Bb5 Nc7 42. Bc4 Ne6 43. h4 Rg6 44. Kf1 Bd2 45. h5 Rg4 46. Bxe6 Kxe6 47. Rf6+ Ke7
48. Ke2 Bb4 49. Bf4 Rg1 50. Kf3 Ra1 51. Bg5 Kd7 52. Rxf7+ Ke6 53. Re7+ Kf5 54.
Bf4 Rxa2 55. Rf7+ Ke6 56. Rf6+ Ke7 57. Bg5 c4 58. bxc4 Ke8 59. Ra6 Ra3+ 60. Kg2 1-0